| 000 | 00470cam a2200181ua 4500 | ||
|---|---|---|---|
| 020 | _c250.00 | ||
| 041 |
_aeng _h |
||
| 082 |
_a629.2 _bRAM/AU |
||
| 100 | _aRamalingam, K.K . | ||
| 245 |
_aAutomobile engineering: theory and practice / _cK.K Ramalingam. _hTextual Documents |
||
| 250 |
_a2 / _b. |
||
| 260 |
_aChennai : _bScitech Publications Pvt/Ltd , _c2007. |
||
| 300 | _a ; . | ||
| 365 | _a250.00 | ||
| 504 | _a | ||
| 942 | _cBK | ||
| 999 |
_c13525 _d13525 |
||